<?xml version="1.0" encoding="UTF-8"?>
<collection xmlns:xsi="http://www.w3.org/2001/XMLSchema-instance" xsi:schemaLocation="http://www.loc.gov/MARC21/slim http://www.loc.gov/standards/marcxml/schema/MARC21slim.xsd" xmlns="http://www.loc.gov/MARC21/slim">
 <record>
  <leader>00000nam a2200000 a 4500</leader>
  <controlfield tag="001">UP-8027390931311636917</controlfield>
  <controlfield tag="003">Buklod</controlfield>
  <controlfield tag="005">20250312160516.0</controlfield>
  <controlfield tag="006">m    |o  d |      </controlfield>
  <controlfield tag="007">ta</controlfield>
  <controlfield tag="008">250312s1998    nyua    r    |000 0deng d</controlfield>
  <datafield tag="020" ind1=" " ind2=" ">
   <subfield code="a">0060175842</subfield>
  </datafield>
  <datafield tag="020" ind1=" " ind2=" ">
   <subfield code="a">9780060175849</subfield>
  </datafield>
  <datafield tag="035" ind1=" " ind2=" ">
   <subfield code="a">1653672</subfield>
  </datafield>
  <datafield tag="037" ind1=" " ind2=" ">
   <subfield code="a">BC-75572</subfield>
   <subfield code="b">Gift- David B. Baradas</subfield>
  </datafield>
  <datafield tag="040" ind1=" " ind2=" ">
   <subfield code="a">OhioLINK</subfield>
   <subfield code="d">BAG</subfield>
   <subfield code="e">rda</subfield>
  </datafield>
  <datafield tag="041" ind1="0" ind2=" ">
   <subfield code="a">eng</subfield>
  </datafield>
  <datafield tag="090" ind1=" " ind2="0">
   <subfield code="a">BF 1622 M6</subfield>
   <subfield code="b">C37 1998</subfield>
  </datafield>
  <datafield tag="100" ind1="1" ind2=" ">
   <subfield code="a">Castaneda, Carlos</subfield>
   <subfield code="d">1931-1998</subfield>
   <subfield code="e">author.</subfield>
  </datafield>
  <datafield tag="245" ind1="1" ind2="0">
   <subfield code="a">Magical passes</subfield>
   <subfield code="b">the practical wisdom of the shamans of ancient Mexico</subfield>
   <subfield code="c">Carlos Castaneda.</subfield>
  </datafield>
  <datafield tag="264" ind1=" " ind2="1">
   <subfield code="a">New York, NY</subfield>
   <subfield code="b">HarperCollinsPublishers</subfield>
   <subfield code="c">[1998]</subfield>
  </datafield>
  <datafield tag="300" ind1=" " ind2=" ">
   <subfield code="a">viii, 225 pages</subfield>
   <subfield code="b">illustrations</subfield>
   <subfield code="c">25 cm</subfield>
  </datafield>
  <datafield tag="336" ind1=" " ind2=" ">
   <subfield code="a">text</subfield>
   <subfield code="2">rdacontent</subfield>
  </datafield>
  <datafield tag="337" ind1=" " ind2=" ">
   <subfield code="a">unmediated</subfield>
   <subfield code="2">rdamedia</subfield>
  </datafield>
  <datafield tag="338" ind1=" " ind2=" ">
   <subfield code="a">volume</subfield>
   <subfield code="2">rdacarrier</subfield>
  </datafield>
  <datafield tag="505" ind1="0" ind2=" ">
   <subfield code="a">Magical passes -- Tensegrity -- Six series of tensegrity -- The first series : the series for preparing intent -- The second series : the series for the womb -- The third series : the series of the five concerns : the westwood series -- The fourth series : the separation of the left body and the right body : the heat series -- The fifth series : the masculinity series -- The sixth series : devices used in conjunction with specific magical passes.</subfield>
  </datafield>
  <datafield tag="520" ind1="1" ind2=" ">
   <subfield code="a">&quot;Thirty years ago, Carlos Castaneda published The Teachings of Don Juan, the story of a magical journey into the unknown. Under the tutelage of don Juan Matus, the young anthropologist entered another world and emerged to give readers of his first book glimpses of the &quot;nonordinary reality&quot; of a Yaqui Indian sorcerer. Castaneda wrote eight more books, most recently The Art of Dreaming, which describes don Juan's teaching methods as well as the sorcery arts he made Castaneda practice.&quot; &quot;Castaneda learned that for us to perceive any of the worlds that exist beside our own, we must not only covet them but find sufficient energy to seize them. Magical Passes offers readers the key to this energetic conditioning for the first time. In his revolutionary new book, Castaneda reveals a series of body positions and physical movements that have enabled various shamans and their apprentices to navigate their own sorceric journeys.&quot; &quot;The magical passes described in this unusual new volume allow those who practice them to travel the same road as the Mexican sorcerers and their apprentices - in addition to Carlos Castaneda, the apprentices of don Juan include Florinda Donner-Grau, Taisha Abelar, and Carol Tiggs - and to honor don Juan's quest while embarking on their own exploration into unknown worlds. The movements described in Magical Passes allow the practitioner to achieve new levels of physical and mental vitality.&quot;--Jacket.</subfield>
  </datafield>
  <datafield tag="600" ind1="0" ind2="0">
   <subfield code="a">Juan</subfield>
   <subfield code="c">Don</subfield>
   <subfield code="d">1891-1973.</subfield>
  </datafield>
  <datafield tag="600" ind1="1" ind2="0">
   <subfield code="a">Castaneda, Carlos</subfield>
   <subfield code="d">1931-1998.</subfield>
  </datafield>
  <datafield tag="650" ind1=" " ind2="0">
   <subfield code="a">Shamanism</subfield>
   <subfield code="z">Mexico.</subfield>
  </datafield>
  <datafield tag="650" ind1=" " ind2="0">
   <subfield code="a">Exercise</subfield>
   <subfield code="x">Religious aspects.</subfield>
  </datafield>
  <datafield tag="650" ind1=" " ind2="0">
   <subfield code="a">Indians of Mexico</subfield>
   <subfield code="x">Religion.</subfield>
  </datafield>
  <datafield tag="651" ind1=" " ind2="0">
   <subfield code="a">Mexico</subfield>
   <subfield code="x">Religion.</subfield>
  </datafield>
  <datafield tag="905" ind1=" " ind2=" ">
   <subfield code="a">FO</subfield>
  </datafield>
  <datafield tag="852" ind1="0" ind2=" ">
   <subfield code="a">UPBAG</subfield>
   <subfield code="b">UPBAG-MAIN</subfield>
   <subfield code="h">BF 1622 M6</subfield>
   <subfield code="i">C37 1998</subfield>
  </datafield>
  <datafield tag="942" ind1=" " ind2=" ">
   <subfield code="a">Book</subfield>
  </datafield>
 </record>
</collection>
